Noem de hoofdsteden in landen aan de Middelandse Zee - Statistieken

Algemene statistieken
  • Deze quiz is 21 keer genomen
  • De gemiddelde score is 34 van 42
Antwoordstatistieken
Hint Antwoord % Correct
Tunesië
100%
Albanië
94%
Griekenland
94%
Italië
94%
Kroatië
94%
Madrid
94%
Landen Marokko
94%
Rome
94%
Slovenië
94%
Spanje
94%
Algerije
88%
Athene
88%
Libië
88%
Ljubljana
88%
Malta
88%
Monaco
88%
Monaco
88%
Montenegro
88%
Steden Rabat
88%
Tunis
88%
Algiers
81%
Ankara
81%
Cyprus
81%
Egypte
81%
Frankrijk
81%
Israël
81%
Parijs
81%
Turkije
81%
Valletta
81%
Zagreb
81%
Caïro
75%
Libanon
75%
Syrië
75%
Tirana
75%
Bosnië en Herzegovina
69%
Podgorica
69%
Beiroet
63%
Nicosia
63%
Tripoli
63%
Damascus
56%
Jeruzalem
56%
Sarajevo
56%
Geen overeenkomende quizzen gevonden
Scoreverdeling
Procent van Mensen met Elke Score
Percentiel versus Aantal Correcte Antwoorden
Uw Scoregeschiedenis
U heeft deze quiz nog niet genomen